000 01094 a2200217 4500
005 20080825123834.0
008 080825t xxu||||| |||| 00| 0 hin d
010 _aHIN-83004
020 _c150.00
_a818956210x
035 _aHN-55350
037 _bपु.प्र.अ.प्र/प्रका
082 _a821
100 _aशर्मा, मुकेश
245 _aकफ़न का बाज़ार /
_cमुकेश शर्मा
246 _aKafan ka Bazar
_bby Mukesh Sharma
260 _aनई दिल्ली
_bराष्ट्रीय हिन्दी साहित्य परिषद
_c2007
270 _a33/1, भुलभुल्लैयाँ रोड, महरौली
_bनई दिल्ली
_e110030
_k26643982
300 _a111पृ
_c22सेमी (सजिल्द)
942 _adpl
_cHN
_k821 / शर्मामु
_2ddc
_h821
_mशर्मामु
999 _c11490
_d11490